00576 2200229 4500001002100000005001500021035002000036007000300056008004100059020001600100082001200116084001800128100001300146245002800159250001100187260003600198300003700234650002100271520003000292990001200322990001200334INLIS00000000000268420190103023453 a0010-0119000036ta190103 g 0 ind  a602280391-1 a615.882 a615.882 MOE e0 aMOELYONO1 aEtnofarmasi /cMoelyono acet. 2 aYogyakarta :bDeepublish,c2015 aviii, 272 hlm. :bilus. ;c20 cm aOBAT TRADISIONAL abibliografi: hlm. 263-272 a16992 a a16992 b